000 01529nam a2200433 c 4500
001 18413
003 ES-MaCES
005 20150929135728.0
008 060117s2005 sp d t o000 | spa d
017 _aM 48015-2005
_bDL
020 _a8481882496
035 _aCES20060000381m
040 _aES-MaCES
_bspa
_cES-MaCES
100 1 _aMartínez-Gijón Machuca, Miguel Ángel
_917837
245 1 0 _aProtección social, Seguridad Social y asistencia social
_b: España y la Unión Europea
_cMiguel Ángel Martínez-Gijón Machuca
250 _a1ª ed
260 _aMadrid
_bConsejo Económico y Social
_c2005
300 _aXIV, 286 p.
_c23 cm
490 1 _aColección Estudios
_v184
500 _aAccésit de los Premios del CES para Tesis Doctorales, 2004
504 _aBibliografía: p. 273-286
541 _cGratuito
650 4 _aprotección social
_929076
650 4 _aseguridad social
_927034
650 4 _aasistencia social
_929003
650 4 _alegislación de seguridad social
_929855
650 4 _aderecho constitucional
_927158
650 4 _aderecho jurisprudencial
_929863
650 4 _aEspaña
_926964
650 4 _aderecho comunitario
_929866
653 1 0 _aSeguridad Social
650 4 _926752
_aUE
650 4 _927056
_aservicios sociales
710 2 _aConsejo Económico y Social (España)
_eed.
_92408
830 0 _aColección Estudios (Consejo Económico y Social (España))
_v184
_932341
902 _aLIB Libro
942 _2CES
_cBK
_h3.0.
999 _c18413
_d18413